[Event "19th Hogeschool Zeeland Tournament"]
[Site "Vlissingen"]
[Date "2015.08.01"]
[Round "1"]
[Board "13"]
[White "Paardekam, Rene"]
[Black "Stark, Lars"]
[Result "0-1"]
[WhiteElo "1890"]
[BlackElo "2437"]
[PlyCount "48"]
[EventDate "2015.08.01"]
[EventRounds "9"]
[EventCountry "NED"]

1. e4 e6 2. d4 d5 3. e5 c5 4. c3 Nc6 5. Nf3 Bd7 6. Be2 Nge7 7. Na3 cxd4 8. cxd4
Nf5 9. Nc2 Qb6 10. O-O Na5 11. b3 Bb5 12. Re1 Nc6 13. Be3 Be7 14. Qd2 O-O 15.
Bd3 Bxd3 16. Qxd3 Rfc8 17. Qd2 Rc7 18. Rec1 Rac8 19. g4 Nxe3 20. Qxe3 h6 21.
Nce1 Nxd4 22. Nxd4 Rxc1 23. Rxc1 Rxc1 24. Qxc1 Qxd4 0-1

[Event "19th Hogeschool Zeeland Tournament"]
[Site "Vlissingen"]
[Date "2015.08.01"]
[Round "1"]
[Board "14"]
[White "Prasanna, Raghuram Rao"]
[Black "Van Gemert, Rogier"]
[Result "1-0"]
[WhiteElo "2424"]
[BlackElo "1888"]
[PlyCount "23"]
[EventDate "2015.08.01"]
[EventRounds "9"]
[EventCountry "NED"]

1. e4 d6 2. d4 Nf6 3. Nc3 Nbd7 4. Nf3 e5 5. Bc4 c6 6. dxe5 dxe5 7. Ng5 Bb4 8.
Nxf7 Qb6 9. Nxh8 Nxe4 10. O-O Bxc3 11. bxc3 Ndf6 12. Be3 1-0

[Event "19th Hogeschool Zeeland Tournament"]
[Site "Vlissingen"]
[Date "2015.08.01"]
[Round "1"]
[Board "15"]
[White "Milort, Gerard"]
[Black "Leenhouts, Koen"]
[Result "0-1"]
[WhiteElo "1882"]
[BlackElo "2422"]
[PlyCount "104"]
[EventDate "2015.08.01"]
[EventRounds "9"]
[EventCountry "NED"]

1. d4 Nf6 2. Nf3 g6 3. c4 Bg7 4. Nc3 d5 5. e3 O-O 6. Be2 dxc4 7. Bxc4 c5 8. d5
a6 9. a4 Qc7 10. O-O Rd8 11. Qe2 Bg4 12. h3 Bxf3 13. Qxf3 Nbd7 14. Ba2 c4 15.
e4 Ne5 16. Qe2 Nd3 17. Be3 e6 18. dxe6 fxe6 19. a5 Qc6 20. Bb6 Rd7 21. Rad1 Nh5
22. g3 Rf7 23. Rxd3 cxd3 24. Qxd3 Rc8 25. Rd1 Be5 26. Bb3 Nf6 27. Rd2 Bxc3 28.
bxc3 Nxe4 29. Re2 Ng5 30. f4 Qxc3 31. Re3 Qb2 32. Re2 Qc3 33. Re3 Qb2 34. Re2
Qa1+ 35. Kg2 Rc3 36. Qd8+ Rf8 37. Qd4 Qc1 38. Bxe6+ Nxe6 39. Rxe6 Rc2+ 40. Kf3
Qf1+ 41. Kg4 Rh2 42. Rxg6+ hxg6 43. Kg5 Qb5+ 44. Bc5 Qxc5+ 45. Qxc5 Rf5+ 46.
Qxf5 gxf5 47. Kxf5 Rxh3 48. g4 Ra3 49. g5 Rxa5+ 50. Kg6 b5 51. f5 b4 52. f6 b3
 0-1

[Event "19th Hogeschool Zeeland Tournament"]
[Site "Vlissingen"]
[Date "2015.08.01"]
[Round "1"]
[Board "16"]
[White "Yankelevich, Lev"]
[Black "De Kleuver, Jonathan"]
[Result "1-0"]
[WhiteElo "2420"]
[BlackElo "1879"]
[PlyCount "43"]
[EventDate "2015.08.01"]
[EventRounds "9"]
[EventCountry "NED"]

1. d4 Nf6 2. c4 e5 3. dxe5 Ng4 4. Bf4 Nc6 5. Nf3 Bb4+ 6. Nbd2 Qe7 7. e3 Ngxe5
8. Nxe5 Nxe5 9. Be2 b6 10. O-O Bb7 11. a3 Bxd2 12. Qxd2 g5 13. Bg3 h5 14. Qc3
d6 15. c5 bxc5 16. Bxe5 dxe5 17. Rac1 O-O-O 18. Qa5 Kb8 19. Rxc5 Rd2 20. Rfc1
Qd6 21. Rxc7 Qd5 22. Rxb7+ 1-0

[Event "19th Hogeschool Zeeland Tournament"]
[Site "Vlissingen"]
[Date "2015.08.01"]
[Round "1"]
[Board "17"]
[White "Maas, Joop"]
[Black "Admiraal, Miguoel"]
[Result "0-1"]
[WhiteElo "1879"]
[BlackElo "2414"]
[PlyCount "84"]
[EventDate "2015.08.01"]
[EventRounds "9"]
[EventCountry "NED"]

1. d4 d5 2. Nf3 Nf6 3. e3 g6 4. c4 Bg7 5. Nc3 c5 6. dxc5 Qa5 7. Bd2 Qxc5 8.
cxd5 Nxd5 9. Rc1 Nc6 10. Nxd5 Qxd5 11. Bc4 Qh5 12. Bc3 Bxc3+ 13. Rxc3 O-O 14.
O-O Bf5 15. Re1 Rad8 16. Qc1 Be4 17. Nd2 Bd5 18. e4 Bxc4 19. Nxc4 Nd4 20. f3
Rd7 21. Ne3 Qh4 22. Nc2 Rfd8 23. Nxd4 Rxd4 24. Rf1 Kg7 25. Rc2 Rd3 26. Re2 Qf6
27. Rfe1 h5 28. h3 Qe5 29. Kh1 b5 30. f4 Qd4 31. f5 Rd1 32. Rxd1 Qxd1+ 33. Qxd1
Rxd1+ 34. Kh2 Kf6 35. fxg6 fxg6 36. h4 Ke5 37. Kg3 e6 38. Kf3 Rf1+ 39. Ke3 Rf4
40. Kd3 Rxh4 41. a3 Rg4 42. Rc2 Rg3+ 0-1

[Event "19th Hogeschool Zeeland Tournament"]
[Site "Vlissingen"]
[Date "2015.08.01"]
[Round "1"]
[Board "18"]
[White "Van Delft, Merijn"]
[Black "Beshukova, Alina"]
[Result "1-0"]
[WhiteElo "2410"]
[BlackElo "1875"]
[PlyCount "77"]
[EventDate "2015.08.01"]
[EventRounds "9"]
[EventCountry "NED"]

1. e4 c5 2. Nf3 e6 3. d4 cxd4 4. Nxd4 a6 5. Nc3 Qc7 6. Bd3 b5 7. O-O Bb7 8. Qe2
Nf6 9. e5 Nd5 10. Nxd5 Bxd5 11. a4 b4 12. a5 Nc6 13. Nxc6 Qxc6 14. f3 Bc5+ 15.
Be3 Bxe3+ 16. Qxe3 O-O 17. Qd4 Qb7 18. Rfd1 g6 19. Qf4 Rfc8 20. h4 Qa7+ 21. Kh1
Qc5 22. h5 Qe7 23. Kh2 g5 24. Qd4 Qc5 25. Qg4 Qe7 26. f4 h6 27. Ra4 Rcb8 28.
Re1 Bc6 29. Raa1 Kh8 30. fxg5 Qxg5 31. Qxg5 hxg5 32. Re3 Bb5 33. Be4 Bc6 34.
Rf1 Rf8 35. Bd3 Bb7 36. Rg3 Kg7 37. h6+ Kxh6 38. Rf6+ Kh5 39. Rh3+ 1-0

[Event "19th Hogeschool Zeeland Tournament"]
[Site "Vlissingen"]
[Date "2015.08.01"]
[Round "1"]
[Board "19"]
[White "Verhoef, Harry"]
[Black "Ten Hertog, Hugo"]
[Result "0-1"]
[WhiteElo "1874"]
[BlackElo "2383"]
[PlyCount "48"]
[EventDate "2015.08.01"]
[EventRounds "9"]
[EventCountry "NED"]

1. e4 g6 2. d4 Bg7 3. Nf3 d6 4. h3 Nd7 5. Be3 c5 6. c3 b6 7. Bd3 Bb7 8. O-O a6
9. Re1 Qc7 10. a4 e6 11. Nbd2 Ngf6 12. Rc1 O-O 13. b4 Rfe8 14. Qb3 d5 15. exd5
Nxd5 16. dxc5 bxc5 17. b5 Nxe3 18. Rxe3 Bh6 19. Re2 Bxf3 20. gxf3 Rad8 21. Be4
Nf6 22. Rd1 Nh5 23. Nc4 Nf4 24. Ree1 Nxh3+ 0-1

[Event "19th Hogeschool Zeeland Tournament"]
[Site "Vlissingen"]
[Date "2015.08.01"]
[Round "1"]
[Board "20"]
[White "Beshukov, Sergei"]
[Black "Yankelevich, Michael"]
[Result "1-0"]
[WhiteElo "2382"]
[BlackElo "1868"]
[PlyCount "87"]
[EventDate "2015.08.01"]
[EventRounds "9"]
[EventCountry "NED"]

1. Nf3 d5 2. b3 Nf6 3. Bb2 e6 4. e3 c5 5. Ne5 a6 6. f4 Nbd7 7. d3 Nxe5 8. fxe5
Nd7 9. Qg4 g6 10. Nd2 Bg7 11. d4 h5 12. Qg3 h4 13. Qf2 b5 14. Be2 h3 15. g3 Bh6
16. O-O O-O 17. dxc5 Nxc5 18. Bd4 Nd7 19. g4 Bg7 20. Nf3 Qc7 21. Qh4 f5 22.
exf6 Nxf6 23. Bd3 Ne4 24. Bxg7 Qxg7 25. Bxe4 dxe4 26. Ng5 Bd7 27. Nxe4 g5 28.
Qxg5 Qxg5 29. Nxg5 e5 30. Nxh3 Bxg4 31. Ng5 Rxf1+ 32. Rxf1 Rc8 33. Rf2 Rc3 34.
Ne4 Rxe3 35. Nf6+ Kg7 36. Nxg4 Re1+ 37. Kg2 b4 38. Kf3 a5 39. Re2 Ra1 40. Rxe5
Rxa2 41. Ne3 Kf6 42. Rb5 Ke6 43. Ke4 Kd6 44. Rxa5 1-0

[Event "19th Hogeschool Zeeland Tournament"]
[Site "Vlissingen"]
[Date "2015.08.01"]
[Round "1"]
[Board "21"]
[White "Van Laeken, Jonathan"]
[Black "Mu, Ke"]
[Result "0-1"]
[WhiteElo "1867"]
[BlackElo "2380"]
[PlyCount "78"]
[EventDate "2015.08.01"]
[EventRounds "9"]
[EventCountry "NED"]

1. d4 e6 2. Nc3 d5 3. e4 Bb4 4. exd5 exd5 5. Bd3 Nc6 6. a3 Be7 7. Nce2 Bg4 8.
c3 Qd7 9. Bf4 Nf6 10. Qc2 h5 11. h3 Bxe2 12. Bf5 Qd8 13. Nxe2 Bd6 14. Bg5 Ne7
15. Bxf6 gxf6 16. O-O-O Rg8 17. g4 h4 18. Rde1 c6 19. Ng1 Bf4+ 20. Kb1 Kf8 21.
Nf3 Rh8 22. Re2 Qc7 23. Rhe1 Re8 24. c4 dxc4 25. Qxc4 Kg7 26. Bc2 Qd7 27. Qd3
a5 28. d5 cxd5 29. Nd4 Be5 30. g5 Ng6 31. gxf6+ Bxf6 32. Nf5+ Kh7 33. Qd2 Rxe2
34. Rxe2 Re8 35. Qh6+ Kg8 36. Rd2 Re5 37. Ne3 Bg7 38. Rxd5 Qxd5 39. Qxg7+ Kxg7
 0-1

[Event "19th Hogeschool Zeeland Tournament"]
[Site "Vlissingen"]
[Date "2015.08.01"]
[Round "1"]
[Board "22"]
[White "Van Overdam, Julian"]
[Black "Mostertman, Johan"]
[Result "1-0"]
[WhiteElo "2367"]
[BlackElo "1866"]
[PlyCount "69"]
[EventDate "2015.08.01"]
[EventRounds "9"]
[EventCountry "NED"]

1. e4 c5 2. Nc3 e6 3. f4 a6 4. g3 Nc6 5. Bg2 b5 6. Nf3 Bb7 7. d3 Be7 8. Qe2 Rb8
9. O-O h5 10. h3 Nd4 11. Qf2 Nxf3+ 12. Bxf3 Nf6 13. e5 Ng8 14. f5 Bxf3 15. Qxf3
Qb6 16. Be3 exf5 17. Qxf5 Qe6 18. Ne4 Qxf5 19. Rxf5 g6 20. Rf2 Nh6 21. Bxc5
Bxc5 22. Nxc5 Nf5 23. Ne4 Ke7 24. Re1 Rhf8 25. Kg2 Rbc8 26. c3 a5 27. g4 Ng7
28. Nd6 Rb8 29. Ref1 f5 30. exf6+ Kxd6 31. fxg7 Rxf2+ 32. Rxf2 Rg8 33. Rf6+ Ke7
34. Rxg6 hxg4 35. hxg4 1-0

[Event "19th Hogeschool Zeeland Tournament"]
[Site "Vlissingen"]
[Date "2015.08.01"]
[Round "1"]
[Board "23"]
[White "Oostvogels, Niek"]
[Black "Erwich, Frank"]
[Result "1/2-1/2"]
[WhiteElo "1864"]
[BlackElo "2358"]
[PlyCount "112"]
[EventDate "2015.08.01"]
[EventRounds "9"]
[EventCountry "NED"]

1. e4 e5 2. Nc3 Nf6 3. Bc4 Bb4 4. Nge2 c6 5. a3 Ba5 6. d3 d5 7. exd5 cxd5 8.
Bb5+ Nc6 9. O-O Qd6 10. d4 O-O 11. dxe5 Nxe5 12. Bg5 Bc7 13. Ng3 d4 14. Nce2
Rd8 15. c3 a6 16. Ba4 d3 17. Nd4 h6 18. Bxf6 Qxf6 19. Bb3 Bb6 20. Re1 Bg4 21.
Qd2 Bxd4 22. cxd4 Rxd4 23. Re3 Rad8 24. Rae1 Ng6 25. h3 Be2 26. Nxe2 dxe2 27.
Qxe2 Rd2 28. Qf3 Rxb2 29. Re8+ Rxe8 30. Rxe8+ Nf8 31. Qxf6 gxf6 32. Bd5 Rb1+
33. Kh2 Rb5 34. Bf3 Kg7 35. Re7 b6 36. Bc6 Re5 37. Rb7 b5 38. Ra7 Ne6 39. Rxa6
Nd4 40. Bf3 Rf5 41. Kg3 h5 42. a4 b4 43. Rb6 b3 44. Rb4 h4+ 45. Kg4 Rg5+ 46.
Kf4 Ne6+ 47. Ke3 Nc5 48. Kd4 Re5 49. Bd5 Nd7 50. Rxb3 Re2 51. Rb7 Rd2+ 52. Kc4
Ne5+ 53. Kc5 Rc2+ 54. Kd4 Rd2+ 55. Kc5 Rc2+ 56. Kd4 Rd2+ 1/2-1/2

[Event "19th Hogeschool Zeeland Tournament"]
[Site "Vlissingen"]
[Date "2015.08.01"]
[Round "1"]
[Board "24"]
[White "Kevlishvili, Robby"]
[Black "Van Hille, Reinout"]
[Result "1-0"]
[WhiteElo "2357"]
[BlackElo "1863"]
[PlyCount "45"]
[EventDate "2015.08.01"]
[EventRounds "9"]
[EventCountry "NED"]

1. e4 e6 2. d4 d5 3. Nd2 c5 4. Ngf3 Nc6 5. exd5 exd5 6. Bb5 Bg4 7. O-O Nf6 8.
Re1+ Be7 9. dxc5 O-O 10. Nb3 Ne4 11. Be3 Ne5 12. Be2 Nc4 13. Bd4 Bf5 14. Bd3
Bf6 15. Qc1 Bg6 16. c3 Ng5 17. Be2 Ne4 18. Bxc4 dxc4 19. Nbd2 Nxd2 20. Qxd2 Bd3
21. Qf4 Be7 22. Ne5 Rc8 23. b4 1-0

[Event "19th Hogeschool Zeeland Tournament"]
[Site "Vlissingen"]
[Date "2015.08.01"]
[Round "1"]
[Board "25"]
[White "Koes, Richard"]
[Black "Timmermans, Mark"]
[Result "1/2-1/2"]
[WhiteElo "1860"]
[BlackElo "2352"]
[PlyCount "114"]
[EventDate "2015.08.01"]
[EventRounds "9"]
[EventCountry "NED"]

1. Nc3 Nf6 2. e4 e5 3. Nf3 Nc6 4. Bc4 Nxe4 5. O-O Nxc3 6. dxc3 Be7 7. Qd5 O-O
8. Nxe5 Nxe5 9. Qxe5 Bf6 10. Qg3 d5 11. Bd3 c5 12. c4 Be6 13. cxd5 Qxd5 14. c4
Qh5 15. Bf4 Rad8 16. Rfe1 b6 17. Re2 Bf5 18. Rd2 Bxd3 19. Rxd3 Rxd3 20. Qxd3
Rd8 21. Re1 g5 22. Qf5 Rd1 23. Kf1 Rxe1+ 24. Kxe1 Bxb2 25. Qxg5+ Qxg5 26. Bxg5
Be5 27. Bd2 f5 28. h3 h5 29. Ke2 a6 30. f3 b5 31. Kd3 Kf7 32. Be3 Bd6 33. g4
hxg4 34. hxg4 Ke6 35. Bc1 b4 36. Bb2 a5 37. Bg7 fxg4 38. fxg4 a4 39. Kc2 Be5
40. Bh6 Bd4 41. Bc1 Ke5 42. Kd3 a3 43. Kc2 Ke4 44. Bd2 Kf3 45. g5 Ke4 46. Bc1
Bg7 47. Bd2 Bd4 48. Bc1 Kf5 49. Bd2 Bg7 50. Kb3 Bf8 51. Kc2 Be7 52. Be3 Bd6 53.
Kb3 Bf8 54. Kc2 Ke4 55. Bd2 Be7 56. Bc1 Kf5 57. Be3 Bf8 1/2-1/2

[Event "19th Hogeschool Zeeland Tournament"]
[Site "Vlissingen"]
[Date "2015.08.01"]
[Round "1"]
[Board "26"]
[White "Palit, Somak"]
[Black "Baete, Guy"]
[Result "1-0"]
[WhiteElo "2345"]
[BlackElo "1859"]
[PlyCount "99"]
[EventDate "2015.08.01"]
[EventRounds "9"]
[EventCountry "NED"]

1. e4 d6 2. d4 e5 3. Nf3 exd4 4. Nxd4 Nf6 5. Nc3 Be7 6. g3 O-O 7. Bg2 Nbd7 8.
Nf5 Nc5 9. Nxe7+ Qxe7 10. O-O Bg4 11. Qd4 Qe5 12. Qe3 Qh5 13. h4 Rfe8 14. f3
Bd7 15. Qg5 Ne6 16. Qxh5 Nxh5 17. Kh2 b5 18. Bd2 a5 19. Nd5 Bc6 20. g4 Nf6 21.
Nxf6+ gxf6 22. Bc3 Nf4 23. Bxf6 Nxg2 24. Kxg2 Re6 25. g5 h5 26. Rad1 Kh7 27.
Rd4 Ree8 28. Rfd1 Rec8 29. Kf2 a4 30. f4 Ra6 31. f5 Rb8 32. Ke3 Rab6 33. Kf4
Re8 34. e5 d5 35. Rg1 Rg8 36. Rd3 b4 37. Be7 b3 38. cxb3 axb3 39. a3 Ra8 40.
Rd4 Bb7 41. e6 fxe6 42. g6+ Kg8 43. f6 Ba6 44. Ra4 Rc6 45. Ke5 Rc8 46. f7+ Kg7
47. f8=Q+ Rxf8 48. Bxf8+ Kxf8 49. g7+ Kg8 50. Rf4 1-0

[Event "19th Hogeschool Zeeland Tournament"]
[Site "Vlissingen"]
[Date "2015.08.01"]
[Round "1"]
[Board "27"]
[White "Hahnen, Elke"]
[Black "Van Dooren, Dirk"]
[Result "0-1"]
[WhiteElo "1859"]
[BlackElo "2333"]
[PlyCount "104"]
[EventDate "2015.08.01"]
[EventRounds "9"]
[EventCountry "NED"]

1. e4 e5 2. Nf3 Nc6 3. d4 exd4 4. Nxd4 Bc5 5. Nb3 Bb4+ 6. c3 Be7 7. Be2 Nf6 8.
f3 d5 9. exd5 Nxd5 10. O-O O-O 11. Qc2 Bd6 12. g3 Qf6 13. Bd3 Bh3 14. Rf2 Rfe8
15. Bxh7+ Kf8 16. Be4 Re5 17. Bd2 Rae8 18. Na3 Bxa3 19. bxa3 Qe7 20. c4 Nf6 21.
Bd3 Qxa3 22. Bc3 Nb4 23. Qd2 Nxd3 24. Qxd3 R5e6 25. Qd2 Kg8 26. Bb4 Qa6 27. Nc5
Qxc4 28. Nxe6 Bxe6 29. Rc1 Qa6 30. a3 Nd5 31. Qb2 b6 32. Bc3 f6 33. Qc2 Qxa3
34. Bd2 Bf7 35. Kg2 Qd6 36. Qc6 Qxc6 37. Rxc6 a5 38. Bf4 Re7 39. Rb2 Be8 40.
Rc1 g5 41. Bd2 Ba4 42. h4 gxh4 43. gxh4 c5 44. Kf2 Re5 45. Rc4 Bd7 46. Re4 a4
47. Be3 Kf7 48. Bd2 b5 49. Re1 c4 50. Rc1 Be6 51. f4 Re4 52. Kg3 c3 0-1

[Event "19th Hogeschool Zeeland Tournament"]
[Site "Vlissingen"]
[Date "2015.08.01"]
[Round "1"]
[Board "28"]
[White "De Jong, Migchiel"]
[Black "Pauwels, Rudi"]
[Result "1-0"]
[WhiteElo "2319"]
[BlackElo "1859"]
[PlyCount "57"]
[EventDate "2015.08.01"]
[EventRounds "9"]
[EventCountry "NED"]

1. e4 e5 2. Nf3 Nc6 3. Bb5 Nd4 4. Nxd4 exd4 5. O-O Ne7 6. d3 g6 7. c3 Bg7 8.
cxd4 Bxd4 9. Nc3 O-O 10. Bh6 Bg7 11. Bxg7 Kxg7 12. Bc4 c6 13. Qf3 d6 14. Rad1
Be6 15. Bxe6 fxe6 16. Qh3 e5 17. d4 exd4 18. Rxd4 c5 19. Rd2 Nc6 20. Rfd1 Nd4
21. Ne2 Qf6 22. Nxd4 cxd4 23. Qd3 Rac8 24. f3 Rc6 25. Qxd4 Qxd4+ 26. Rxd4 Rfc8
27. Kf1 Rc2 28. R1d2 Rc1+ 29. Ke2 1-0

[Event "19th Hogeschool Zeeland Tournament"]
[Site "Vlissingen"]
[Date "2015.08.01"]
[Round "1"]
[Board "29"]
[White "Thienpondt, Mardoek"]
[Black "Beerdsen, Thomas"]
[Result "0-1"]
[WhiteElo "1859"]
[BlackElo "2319"]
[PlyCount "54"]
[EventDate "2015.08.01"]
[EventRounds "9"]
[EventCountry "NED"]

1. e4 c5 2. Nf3 d6 3. d4 cxd4 4. Nxd4 Nf6 5. Nc3 a6 6. f3 e6 7. Be3 b5 8. a3
Nbd7 9. Qd2 Bb7 10. g4 h6 11. O-O-O Rc8 12. h4 d5 13. g5 hxg5 14. Bxg5 b4 15.
Nb1 Qa5 16. axb4 Bxb4 17. Qe3 dxe4 18. Bh3 Nd5 19. Qe2 e3 20. Bxe3 Nxe3 21.
Qxe3 Qe5 22. Qxe5 Nxe5 23. Bg2 Be7 24. Rh2 Bg5+ 25. Nd2 Bf4 26. Rh3 Nd3+ 27.
Kb1 Nf2 0-1

[Event "19th Hogeschool Zeeland Tournament"]
[Site "Vlissingen"]
[Date "2015.08.01"]
[Round "1"]
[Board "30"]
[White "Bezemer, Arno"]
[Black "Jansen, Ingeborg"]
[Result "1-0"]
[WhiteElo "2305"]
[BlackElo "1851"]
[PlyCount "33"]
[EventDate "2015.08.01"]
[EventRounds "9"]
[EventCountry "NED"]

1. e4 e5 2. Nf3 Nc6 3. Bb5 a6 4. Ba4 Nf6 5. O-O Be7 6. Re1 b5 7. Bb3 O-O 8. a4
b4 9. d4 d6 10. dxe5 Nxe5 11. Nxe5 dxe5 12. Nd2 Bc5 13. h3 Qd4 14. Qf3 a5 15.
Nc4 Be6 16. Be3 Qxe4 17. Bxc5 1-0

[Event "19th Hogeschool Zeeland Tournament"]
[Site "Vlissingen"]
[Date "2015.08.01"]
[Round "1"]
[Board "31"]
[White "Westerweele, Maarten"]
[Black "Brink, Barry"]
[Result "0-1"]
[WhiteElo "1851"]
[BlackElo "2302"]
[PlyCount "70"]
[EventDate "2015.08.01"]
[EventRounds "9"]
[EventCountry "NED"]

1. e4 c5 2. c3 Nf6 3. e5 Nd5 4. g3 d6 5. exd6 Qxd6 6. Bg2 Nc6 7. Na3 e6 8. Nf3
Be7 9. O-O Bf6 10. Nc4 Qc7 11. d3 O-O 12. Bg5 Rd8 13. Qe2 Bd7 14. Rfd1 Be8 15.
Bxf6 Nxf6 16. Rac1 Rac8 17. Rc2 Na5 18. Nce5 Nc6 19. h3 h6 20. Rcd2 Qa5 21. Ra1
b5 22. Qd1 b4 23. Nc4 Qa6 24. a3 bxc3 25. bxc3 Nd5 26. Qc1 Na5 27. Nxa5 Qxa5
28. c4 Nc3 29. Ne1 Ba4 30. Nc2 Rxd3 31. Bf1 Rxd2 32. Qxd2 Rd8 33. Bd3 e5 34.
Qe3 e4 35. Bxe4 Re8 0-1

[Event "19th Hogeschool Zeeland Tournament"]
[Site "Vlissingen"]
[Date "2015.08.01"]
[Round "1"]
[Board "32"]
[White "Dardha, Arben"]
[Black "De Feijter, David"]
[Result "1-0"]
[WhiteElo "2297"]
[BlackElo "1850"]
[PlyCount "47"]
[EventDate "2015.08.01"]
[EventRounds "9"]
[EventCountry "NED"]

1. e4 d5 2. exd5 Nf6 3. d4 Qxd5 4. Nc3 Qa5 5. Bc4 Bg4 6. f3 Bh5 7. Bd2 c6 8.
Nge2 Nbd7 9. Nf4 Qc7 10. Qe2 Bg6 11. h4 h5 12. Nxg6 fxg6 13. O-O-O O-O-O 14.
Be6 Kb8 15. g3 Ka8 16. Kb1 Ne8 17. Bf4 Qb6 18. Na4 Qa5 19. Nc5 Ndf6 20. Rd3 Nd5
21. Bd2 Qc7 22. c4 Ndf6 23. Bf4 Nd6 24. Nb3 1-0

[Event "19th Hogeschool Zeeland Tournament"]
[Site "Vlissingen"]
[Date "2015.08.01"]
[Round "1"]
[Board "33"]
[White "Leentjens, Gilbert"]
[Black "Van Foreest, Lucas"]
[Result "0-1"]
[WhiteElo "1849"]
[BlackElo "2293"]
[PlyCount "76"]
[EventDate "2015.08.01"]
[EventRounds "9"]
[EventCountry "NED"]

1. e4 e5 2. Nc3 Nf6 3. f4 d5 4. fxe5 Nxe4 5. Nf3 Be7 6. Qe2 Nxc3 7. dxc3 c5 8.
Bf4 Nc6 9. O-O-O Be6 10. h4 h6 11. g3 Qa5 12. Qb5 Qc7 13. Bh3 a6 14. Qe2 b5 15.
Bxe6 fxe6 16. Qd3 Qa5 17. Qg6+ Kd7 18. Kb1 Rhg8 19. Rh2 c4 20. Rhd2 b4 21. Qf7
Rgf8 22. Rxd5+ exd5 23. Rxd5+ Kc7 24. e6+ Kb6 25. Qh5 g6 26. Be3+ Bc5 27. Qg4
Rad8 28. e7 Rxd5 29. exf8=Q Rd1+ 30. Bc1 Bxf8 31. Nd4 Rxd4 32. cxd4 b3 33. cxb3
cxb3 34. axb3 Qf5+ 35. Qxf5 gxf5 36. Be3 Nb4 37. Kc1 Kc6 38. Kd2 Kd5 0-1

[Event "19th Hogeschool Zeeland Tournament"]
[Site "Vlissingen"]
[Date "2015.08.01"]
[Round "1"]
[Board "34"]
[White "Maris, Ivo"]
[Black "Van Hoorebeke, Jimmy"]
[Result "1-0"]
[WhiteElo "2288"]
[BlackElo "1847"]
[PlyCount "47"]
[EventDate "2015.08.01"]
[EventRounds "9"]
[EventCountry "NED"]

1. Nf3 f5 2. g3 Nf6 3. Bg2 g6 4. b4 Bg7 5. Bb2 c6 6. c4 a5 7. b5 cxb5 8. cxb5
Qb6 9. a4 Ne4 10. d4 e5 11. O-O exd4 12. Bxd4 Bxd4 13. Qxd4 Qxd4 14. Nxd4 d5
15. Rc1 Nd7 16. Ne6 Kf7 17. Nc7 Rb8 18. Nxd5 Ndf6 19. Rc7+ Ke6 20. Nxf6 Nxf6
21. Na3 Nd5 22. Bxd5+ Kxd5 23. Rd1+ Ke6 24. Nc4 1-0

[Event "19th Hogeschool Zeeland Tournament"]
[Site "Vlissingen"]
[Date "2015.08.01"]
[Round "1"]
[Board "35"]
[White "Hammann, Jonas"]
[Black "Neubronner, Jarred"]
[Result "0-1"]
[WhiteElo "1845"]
[BlackElo "2280"]
[PlyCount "62"]
[EventDate "2015.08.01"]
[EventRounds "9"]
[EventCountry "NED"]

1. d4 Nf6 2. c4 c5 3. e3 g6 4. Nc3 Bg7 5. Nf3 O-O 6. Be2 b6 7. O-O Bb7 8. b3
cxd4 9. exd4 d5 10. Ne5 Nc6 11. Bf3 e6 12. Bg5 h6 13. Nxc6 Bxc6 14. cxd5 exd5
15. Bh4 Qd7 16. Qd3 Ne4 17. Rfe1 f5 18. Bxe4 dxe4 19. Qc4+ Kh7 20. h3 Rac8 21.
Rad1 e3 22. fxe3 Bxg2 23. Qd3 Bxh3 24. Kh2 Bg4 25. Rc1 Rc6 26. Ne2 Bxe2 27.
Qxe2 Qc7+ 28. Bg3 f4 29. Rxc6 fxg3+ 30. Kg2 Qxc6+ 31. Kxg3 Rf5 0-1

[Event "19th Hogeschool Zeeland Tournament"]
[Site "Vlissingen"]
[Date "2015.08.01"]
[Round "1"]
[Board "36"]
[White "Stillger, Bernhard"]
[Black "Vermue, Albert"]
[Result "1-0"]
[WhiteElo "2279"]
[BlackElo "1845"]
[PlyCount "57"]
[EventDate "2015.08.01"]
[EventRounds "9"]
[EventCountry "NED"]

1. Nf3 Nf6 2. c4 c5 3. g3 g6 4. Bg2 Bg7 5. O-O Nc6 6. Nc3 O-O 7. d4 cxd4 8.
Nxd4 Qb6 9. e3 Ne5 10. b3 d6 11. Qe2 Bg4 12. f3 Bf5 13. Nxf5 gxf5 14. Bb2 Ng6
15. f4 e6 16. Rfd1 Ng4 17. Rd3 e5 18. Nd5 Qc5 19. Rad1 Rae8 20. h3 Nh6 21. Bc3
exf4 22. Bb4 Qc8 23. gxf4 Re6 24. Qf2 Rfe8 25. Nc3 Bf8 26. Nb5 Nxf4 27. exf4
Re2 28. Rg3+ Ng4 29. Qf1 1-0

[Event "19th Hogeschool Zeeland Tournament"]
[Site "Vlissingen"]
[Date "2015.08.01"]
[Round "1"]
[Board "37"]
[White "Van Gemert, Jean-Pierre"]
[Black "Donovan, Linton"]
[Result "0-1"]
[WhiteElo "1841"]
[BlackElo "2276"]
[PlyCount "46"]
[EventDate "2015.08.01"]
[EventRounds "9"]
[EventCountry "NED"]

1. d4 e6 2. Nf3 d5 3. Bf4 c5 4. c3 Bd6 5. e3 Nc6 6. dxc5 Bxc5 7. Nbd2 Nf6 8.
Qc2 O-O 9. Bd3 Qe7 10. Ne5 Bd6 11. Nxc6 bxc6 12. Bg5 h6 13. Bh4 e5 14. e4 a5
15. O-O-O Rb8 16. Nb1 Be6 17. exd5 cxd5 18. Bf5 e4 19. Bxf6 Qxf6 20. Bxe6 fxe6
21. g3 Qxf2 22. Qxf2 Rxf2 23. Nd2 e3 0-1

[Event "19th Hogeschool Zeeland Tournament"]
[Site "Vlissingen"]
[Date "2015.08.01"]
[Round "1"]
[Board "38"]
[White "Wunnink, Michael"]
[Black "Niewenhuis, Ruud"]
[Result "1-0"]
[WhiteElo "2253"]
[BlackElo "1840"]
[PlyCount "75"]
[EventDate "2015.08.01"]
[EventRounds "9"]
[EventCountry "NED"]

1. d4 Nf6 2. c4 g6 3. Nc3 d5 4. Nf3 Bg7 5. Qb3 dxc4 6. Qxc4 c6 7. e4 O-O 8. Be2
b5 9. Qb3 a5 10. Qc2 Na6 11. O-O Bg4 12. Be3 Rc8 13. Rfd1 Qc7 14. h3 Be6 15.
Ng5 Bd7 16. Rac1 h6 17. Nf3 Qb7 18. e5 Nd5 19. Nxd5 cxd5 20. Qd2 Nb4 21. a3 Nc6
22. Bxh6 b4 23. axb4 Nxb4 24. Qg5 Bf5 25. Qh4 f6 26. Bxg7 Kxg7 27. Qg3 Nc2 28.
Nh4 Nxd4 29. Bh5 Rxc1 30. Rxc1 g5 31. exf6+ exf6 32. Rc7+ Rf7 33. Bxf7 Ne2+ 34.
Kh2 Nxg3 35. Rxb7 Nf1+ 36. Kg1 Bc8 37. Rb8 gxh4 38. Bxd5 1-0

[Event "19th Hogeschool Zeeland Tournament"]
[Site "Vlissingen"]
[Date "2015.08.01"]
[Round "1"]
[Board "39"]
[White "Schrickx, Frank"]
[Black "Provoost, Simon"]
[Result "0-1"]
[WhiteElo "1835"]
[BlackElo "2240"]
[PlyCount "118"]
[EventDate "2015.08.01"]
[EventRounds "9"]
[EventCountry "NED"]

1. e4 c5 2. c3 Nf6 3. e5 Nd5 4. d4 cxd4 5. cxd4 d6 6. Nf3 Nc6 7. Bc4 Nb6 8. Bb5
a6 9. Bxc6+ bxc6 10. O-O g6 11. Nc3 Bg7 12. Bf4 O-O 13. h3 Bf5 14. Rc1 Qd7 15.
exd6 exd6 16. Re1 Rfb8 17. b3 a5 18. Nh4 Be6 19. Ne4 Nc8 20. Bh6 Ne7 21. Bxg7
Kxg7 22. Qf3 Nd5 23. Ng5 Rb4 24. Qe4 Re8 25. Qc2 Qd8 26. Nxe6+ fxe6 27. Nf3 Rb6
28. Qd2 Ra6 29. h4 Qf6 30. Qd3 Ra7 31. Qd2 Ra6 32. Ng5 e5 33. Ne4 Qf4 34. Qe2
Ra7 35. Nxd6 Re6 36. dxe5 Rae7 37. g3 Qb4 38. Nc4 a4 39. Qc2 axb3 40. Qxb3 Qb5
41. Nd6 Qa5 42. Nc4 Qa7 43. a3 Rb7 44. Qf3 Rf7 45. Qe2 Qd4 46. Kg2 Nc3 47. Qf1
c5 48. f4 Rb7 49. Re3 Rb2+ 50. Nxb2 Qxe3 51. Re1 Qd2+ 52. Qf2 Qd5+ 53. Qf3 Qd2+
54. Qf2 Qd5+ 55. Kh2 Rb6 56. Qc2 Qa2 57. Qxc3 Rxb2+ 58. Kh3 h5 59. e6+ Kh7 0-1